000 01092nam a2200241 i 4500
003 IT-RoINE
005 20200305091441.0
008 960922s1944 sp a r |bspa d
040 _aSpMaBN
_bspa
_cCDM IT-RoINE
_dIT-RoINE
100 1 _aPalou, Francisco,
_d1723-1789
_967119
240 1 0 _aRelación histórica de la vida y apostólicas tareas del venerable padre Fray Junípero Serra
245 1 0 _aEvangelista del mar Pacífico, Fray Junípero Serra, padre y fundador de la Alta California :
_breproducción textual de la Relación histórica de la vida y apostólicas tareas del V. Padre fray Junípero Serra ... /
_cFrancisco Palóu ; prólogo de Lorenzo Riber.
260 _aMadrid :
_bM. Aguilar,
_c1944.
300 _aXXVIII, 317 p., [3] h. de lám. :
_bil. ;
_c20 cm.
336 _2rdacontent
_atext
337 _2rdamedia
_aunmediated
338 _2rdacarrier
_avolume
490 1 _aEspaña misionera ;
_v1
600 0 4 _aJunípero Serra,
_cSanto,
_d1713-1784
_9415
_xBiografía
700 1 _9482
_aRiber, Llorenç,
_d1881-1958
830 0 _aEspaña misionera ;
_967120
_v1
942 _cMTS
999 _c34089
_d34089